Plus grande ville côtière par département - Statistiques

Statistiques générales
  • Ce quiz a été pris 17 292 fois
  • Le résultat moyen est 15 sur 27
Statistiques - réponses
Département Population Ville % Correct
Bouches-du-Rhône 870 731 hab. Marseille
93%
Alpes-Maritimes 342 669 hab. Nice
90%
Finistère 139 926 hab. Brest
87%
Corse-du-Sud 71 361 hab. Ajaccio
83%
Nord 86 279 hab. Dunkerque
83%
Haute-Corse 48 503 hab. Bastia
81%
Seine-Maritime 168 290 hab. Le Havre
81%
Charente-Maritime 77 205 hab. La Rochelle
78%
Pas-de-Calais 72 509 hab. Calais
77%
Var 178 745 hab. Toulon
74%
Ille-et-Vilaine 46 803 hab. Saint-Malo
65%
La Réunion 153 810 hab. Saint-Denis
64%
Morbihan 57 246 hab. Lorient
63%
Manche 78 549 hab. Cherbourg-en-Cotentin
59%
Loire-Atlantique 71 394 hab. Saint-Nazaire
59%
Martinique 76 512 hab. Fort-de-France
54%
Guyane 65 493 hab. Cayenne
50%
Côtes-d'Armor 43 605 hab. Saint-Brieuc
49%
Vendée 45 030 hab. Les Sables-d'Olonne
43%
Aude 55 516 hab. Narbonne
43%
Mayotte 71 437 hab. Mamoudzou
38%
Hérault 43 858 hab. Sète
38%
Pyrénées-Atlantiques 39 719 hab. Anglet
21%
Landes 13 947 hab. Biscarrosse
17%
Guadeloupe 53 514 hab. Les Abymes
17%
Gironde 26 168 hab. La Teste-de-Buch
12%
Pyrénées-Orientales 12 284 hab. Canet-en-Roussillon
9%
Aucun quiz correspondant
Distribution des résultats
% des personnes avec chaque résultat
Percentile par nombre de réponses
Votre historique - résultats
Vous n’avez pas pris ce quiz